000 00811nam a2200265Ia 4500
003 OSt
005 20220925230647.0
006 a|||||r|||| 00| 0
007 ta
008 220923b |||||||| |||| 00| 0 eng d
020 _a1 85649 959 6
037 _cGeneral Book
040 _aRTL
_cRTL
_beng
041 _2eng
_aeng
082 _aY:434:6, P2
100 _aWebster Neil
_9246438
245 0 _aIn the name of the poor
_b Contesting political spac
260 _aLondon
_bZed Books
_c2002
300 _axi, 279p
_ccm.
490 _aContesting Political Space for Poverty Reduction
500 _aBibliography Chapterwise
700 _a Enberg Pedersen Lars Ed.
_9294109
942 _hY:434:6, P2
_cGB
_2CC
999 _c586304
_d586304